Statistics for Most Populous Cities in the Midwest by Letter

Click here to take the quiz!

General Stats

  • This quiz has been taken 75 times
    (52 since last reset)
  • The average score is 18 of 25

Answer Stats

Letter Population State City % Correct
C2,695,598IllinoisChicago
100%
K459,787MissouriKansas City
100%
A199,110OhioAkron
98%
S319,294MissouriSt. Louis
98%
O408,958NebraskaOmaha
98%
L258,379NebraskaLincoln
98%
I852,866IndianaIndianapolis
95%
D713,777MichiganDetroit
95%
M594,833WisconsinMilwaukee
93%
W382,368KansasWichita
90%
T287,208OhioToledo
85%
G188,040MichiganGrand Rapids
83%
P115,007IllinoisPeoria
80%
F260,326IndianaFort Wayne
78%
J147,433IllinoisJoliet
68%
R152,871IllinoisRockford
68%
E117,429IndianaEvansville
68%
Y66,982OhioYoungstown
65%
N141,853IllinoisNaperville
60%
X25,719OhioXenia
55%
B82,893MinnesotaBloomington
53%
Z25,600OhioZanesville
35%
H80,830IndianaHammond
30%
V31,730IndianaValparaiso
28%
U41,250IllinoisUrbana
20%

Score Distribution

Percentile by Number Answered

Percent of People with Each Score

Your Score History

You have not taken this quiz since the last reset